000 00716nam a2200181 4500
001 127847
003 ES-MaACL
005 20251005063112.0
007 t|
008 070214s1922 sp r ||||1| spa d
100 1 _aRío Hortega, Pío del,
_d1882-1945
_997326
245 1 0 _aSobre las granulaciones argentófilas y otras estructuras de las células renales /
_cPío del Río Hortega.
260 _aMadrid :
_b[s.n.],
_c1922.
490 1 _aTrabajos del Laboratorio de Histopatología de la Junta para Ampliación de Estudios ;
_v21
830 0 0 _aTrabajos del Laboratorio de Histopatología de la Junta para Ampliación de Estudios
_v21
_9184307
852 _aES-MaACL
_j1622-F-6
999 _c127847
_d127847